000 00454nam a2200145Ia 4500
005 20260402125114.0
022 _a0028-4793
050 _aR11 .N49
245 _aThe New England journal of medicine
250 _aVol. 393, No. 9
260 _a Boston, USA
_bMassachusetts Medical Society.,
_c2025
300 _avi. , 178 p. ; 29 cm.
650 _aMedicine--Periodicals Surgery--Periodicals Pharmacy And Pharmacology--Periodicals.
942 _cSR
_2lcc
999 _c37261
_d37261